000 00913nam a2200217Ia 4500
003 Ost
005 20260507075646.0
008 260507s9999||||xx |||||||||||||| ||und||
040 _cfsecg
041 _aara
082 _a658.409
100 _aمحمد، محمد عبد المقصود
_eمؤلف
245 0 _aالقيادة الإدارية /
_c محمد عبد المقصود محمد
260 _aعمان:
_bمكتبة المجتمع العربي,
_c2006
300 _a215 صفحة؛
_bإيضاحات ؛
_c24 سم
520 _aالمفهوم العام للقيادة الإدارية- نظرة تاريخية في فن الإدارة- توجيهات القيادة والرقابة الإدارية- مهارات القيادة الإدارية- وظائف الإدارة.
653 _aالإدارة
653 _aالقيادة
653 _aالقيادة الإدارية
942 _cكتاب
999 _c45484
_d45484